000 00303nam a22001337a 4500
008 170731b xxu||||| |||| 00| 0 eng d
020 _a9780201180954
041 _aeng
080 _a004
100 _a32
101 _aSHKI
245 _aMANAGING THE SOFTWARE PROCESS
_cHUMPHREY, W.S
942 _2udc
_cBK
999 _c22215
_d22215